1930 1656 1069 1737 1996 1693 1981 1140 1348 1923 1215 1472 1605 1079 1458 1124 1935 1332 1844 1735 1149 1965 1707 1141 1768 1010 1715 1967 1442 1461 1292 1287 1366 1230 1688 1049 1392 1967 1118 1153 1172 1870 1647 1206 1882 1990 1252 1400 1896 1828 1595 1421 1890 1086 1495 1894 1403 1555 1599 1139 1427 1654 1406 1297 1685 1886 1001 1267 1694 1900 1593 1857 1557 1046 1171 1636 1315 1277 1344 1022 1700 1309 1214 1594 1930 1097 1288 1519 1365 1000 1752 1135 1927 1789 1988 1300 1720 1390 1185 BCNSPRNW ULIB Ver.6.0+V

เปลี่ยนเป็นภาษาไทย

Change to English
 แสดงรายละเอียดบรรณานุกรม
  กลับหน้าหลัก

Brief Record : Get Marc (ISO 2709) : E-mail record : QR code < ปิดหน้าต่าง
LEADER : 00000nam 2200000uu 4500
001    13399111204
003     ULIB
008    110620s||||||||th 000 0 tha d
020    9786167098135
050 04 BF689.3^bช274I 2552
100 0  ชวนันท์ อมรเศรษฐ์
245 10 I.Q. ยอด E.Q. เยี่ยม พลิกชีวิตสู่ความสุขและความรุ่งโรจน์ /^cชวนันท์ อมรเศรษฐ์
260    กรุงเทพฯ :^bฟีลกูด,^c2552
300    171 หน้า :^bภาพประกอบ
650  7 ระดับสติปัญญา
650  7 ความฉลาดทางอารมณ์
945    ^p145^l0^i028916
945    ^p145^l0^i028915
945    ^p145^l0^i026849
945    ^p145^l0^i026848
995    ทศพร
999 ^a ใช้งานได้ทุกระบบ
รายการนี้ยังไม่มีแท็ก
คุณยังไม่ได้ล็อกอิน คุณสามารถมีกิจกรรมร่วมกับเว็บไซต์ได้ แต่ต้องล็อกอินก่อน ::
  ล็อกอิน

รายการสื่อสารสนเทศ

ลำดับที่ ประเภท เลขเรียก/บาร์โค้ด สถานที่ สถานะ
- ไม่พบข้อมูล -

รายการใกล้เคียง
    ผู้แต่ง [ชวนันท์ อมรเศรษฐ์]

    หัวเรื่อง [ระดับสติปัญญา]
    หัวเรื่อง [ความฉลาดทางอารมณ์]

BibComment


ยังไม่เคยถูกคอมเมนท์

คอมเมนท์ทรัพยากรรายการนี้
  คอมเมนท์: IQ ยอด EQ เยี่ยม ..


 Copyright 2026. Bcnsprnw @Library